000 01745nam2a22003131 4500
001 RU\NLR\INFOCOMM15\5000247110
005 20250617022707.0
035 _a(NLR Aleph) 002379264
090 _a4596325
_c4596325
100 _a20041216d1885 |||y0rusy50 ca
101 0 _arus
102 _aRU
105 _ay ||||000|y
135 _acrgn 008anaba
200 0 _aГ.6 1885, № 15
210 _d1885
_aБ. м.
325 1 _aКопия доступна в электронной библиотеке РНБ
421 0 _12001#$aОбъяснение Апокалипсиса святого апостола Иоанна Богослова$e(Продолжение)
_1210##$a[Томск$d1884-1885]
_1215##$a14-61, 78-149 с.
_1300##$aНачало напеч. на стр. журн. ... 1883 №1, 7, 9, 11-12, 14, 16, 20, 1884 №2, 5
_1309##$a(Припл.)
_1316##$aЭкз. деф.: отсутствуют с. 62-77
_tОбъяснение Апокалипсиса святого апостола Иоанна Богослова
461 0 _1001RU\NLR\INFOCOMM15\5000246975
_12001#$aТомские епархиальные ведомости$vГ.6 1885, № 15
_94596284
_cТомск
_d1880-1917
_tТомские епархиальные ведомости
_vГ.6 1885, № 15
801 1 _aRU
_bInfoComm
_c20041216
801 0 _aRU
_bNLR
_gPSBO
852 _aNLR
_j5/59
901 _eЖурналы
942 _cISSUE
980 _aNB
980 _aRUSPER
981 1 5 _a(15) Епархиальные ведомости
_b(15) Томские епархиальные ведомости